| Tag |
First Indicator |
Second Indicator |
Subfields |
| LEADER |
00000uam a2200000 a 4500 |
| 001 |
in00004249596 |
| 005 |
20260128154200.8 |
| 006 |
m o d |
| 007 |
cr cn |
| 008 |
100513s2007 xx o eng |
| 020 |
|
|
|z 9781576755273
|
| 020 |
|
|
|z 9781576754511
|
| 035 |
|
|
|a (CaSebORM)9781576755273
|
| 040 |
|
|
|d UtOrBLW
|
| 041 |
0 |
|
|a eng
|
| 100 |
1 |
|
|a Klaver, M.,
|e author.
|
| 245 |
1 |
0 |
|a Mayday! /
|c Klaver, M..
|
| 250 |
|
|
|a 1st edition.
|
| 264 |
|
1 |
|b Berrett-Koehler Publishers,
|c 2007.
|
| 300 |
|
|
|a 1 online resource (214 pages)
|
| 336 |
|
|
|a text
|b txt
|2 rdacontent
|
| 337 |
|
|
|a computer
|b c
|2 rdamedia
|
| 338 |
|
|
|a online resource
|b cr
|2 rdacarrier
|
| 347 |
|
|
|a text file
|
| 520 |
|
|
|a Everyone hates asking for help. We're afraid of seeming weak. We think it's an admission of failure. We simply don't know how. So instead we continue to struggle on alone with both day-to-day burdens and serious crises. But, as Nora Klaver shows, we make things much harder on ourselves by not reaching out. Through engaging, often humorous personal stories, Klaver examines why we don't ask for help and shows how changing this counter-productive mindset can enrich us emotionally and spiritually, boost our confidence, and strengthen our relationships. Mayday! details a 7-step process that takes the fear and intimidation out of asking for help. You'll learn what to ask for, whom to ask, how to ask, and when and where to ask. Chock full of illustrative exercises and real-life examples, Mayday! empowers you to get the help you need and deserve both at work and in your personal life.
|
| 533 |
|
|
|a Electronic reproduction.
|b Boston, MA :
|c Safari,
|n Available via World Wide Web.
|d 2007.
|
| 538 |
|
|
|a Mode of access: World Wide Web.
|
| 542 |
|
|
|f Copyright © Berrett-Koehler Publishers 2007
|g 2007
|
| 588 |
|
|
|a Online resource; Title from title page (viewed July 9, 2007)
|
| 500 |
|
|
|a Electronic resource.
|
| 655 |
|
7 |
|a Electronic books.
|2 local
|
| 710 |
2 |
|
|a Safari, an O'Reilly Media Company.
|
| 856 |
4 |
0 |
|u https://proxy.library.tamu.edu/login?url=https://go.oreilly.com/TAMU/library/view/-/9781576755273/?ar
|z Connect to this electronic resource
|t 0
|
| 999 |
f |
f |
|s fb1fd27a-8042-3716-87a9-b29dd6fcdc9e
|i 940162dd-c815-35cb-9615-4cb54faad507
|t 0
|
| 952 |
f |
f |
|a Texas A&M University
|b College Station
|c Electronic Resources
|s www_evans
|d Available Online
|t 0
|h No information provided
|
| 998 |
f |
f |
|t 0
|l Available Online
|